Statistiques concernant Classement des 100 prénoms 2023 (H/F)

Cliquez ici pour prendre le quiz!

Statistiques générales

  • Ce quiz a été pris 249 fois
  • Le résultat moyen est 29 sur 100

Statistiques - réponses

ClassementPrénom% Correct
35Lou
78%
48Léa
71%
2Léo
68%
5Louis
68%
14Emma
63%
16Lucas
59%
34Paul
58%
27Anna
54%
6Louise
53%
1Gabriel
52%
38Chloé
49%
25Hugo
49%
44Théo
49%
10Jules
46%
75Romane
46%
49Tom
46%
7Jade
44%
65Inès
41%
89Enzo
40%
54Juliette
40%
91Lucie
40%
46Nathan
40%
99Antoine
39%
64Mathis
39%
3Raphaël
39%
18Rose
39%
62Jeanne
38%
97Lola
38%
33Noé
38%
9Noah
37%
67Zoé
37%
51Eva
35%
37Julia
35%
71Victor
35%
11Arthur
33%
31Léon
33%
28Lina
33%
4Maël
33%
68Martin
33%
98Mathéo
33%
32Mohamed
33%
23Alice
32%
24Léna
32%
82Valentin
31%
36Ethan
30%
8Ambre
28%
20Sacha
28%
95Mattéo
27%
100Simon
27%
84Axel
26%
29Mia
25%
50Charlie
24%
96Samuel
24%
55Victoire
24%
13Adam
23%
63Nina
23%
45Iris
22%
17Liam
22%
76Timéo
22%
78Victoria
22%
43Agathe
21%
40Elio
21%
87Emy
21%
22Gabin
21%
58Adèle
19%
12Alba
19%
70Olivia
19%
39Elena
18%
66Gaspard
18%
72Léonie
18%
53Luna
18%
52Nino
18%
80Robin
18%
15Eden
16%
77Eliott
16%
61Malo
16%
19Naël
16%
94Nolan
16%
74Rayan
16%
26Romy
16%
88Lya
15%
79Milo
14%
41Alma
13%
57Marius
13%
30Aaron
12%
85Augustin
12%
21Isaac
12%
42Marceau
12%
81Tiago
12%
73Noûr
11%
59Giulia
10%
86Amir
9%
93Lyana
9%
47Inaya
8%
60Ayden
7%
83Ibrahim
6%
90Ismaël
6%
56Imrân
5%
69Lyam
5%
92Sohan
5%

Distribution des résultats

Percentile par nombre de réponses

% des personnes avec chaque résultat

Votre développement - résultats

Vous n’avez pas pris ce quiz